000
00293nam a22001337a 4500
008
180914b xxu||||| |||| 00| 0 eng d
020
_a
0060150947
041
_a
eng
080
_a
821
100
_a
21
101
_a
GJL
245
_a
On Writing the Short Story
_c
Burnett, H
942
_2
udc
_c
BK
999
_c
47773
_d
47773